000
00276cas a2200121 4500
022
_a
0147-9377
040
_c
DNAL
082
_a
301 ACA 1976 A089 Or.
245
0
0
_a
Environment and man.
260
_a
New York,
_b
Academic Press.
_c
[1976-
300
_b
ill.
_c
23 cm.
942
_c
EK
999
_c
16299
_d
16299